| 000 | 00879nam a2200193 a 4500 | ||
|---|---|---|---|
| 001 | 4104 | ||
| 005 | 20221127090857.0 | ||
| 008 | 150219s lsu a l o00000|ara d | ||
| 020 | _a9960575888 | ||
| 035 | _a707 | ||
| 082 | 0 | 4 |
_a344.53107684 _bس403 |
| 110 | 0 |
_aالسعودية. _bوزارة التعليم العالي. _bمجلس التعليم العالي. |
|
| 245 | 1 | 0 |
_aنظام مجلس التعليم العالي والجامعات ولوائحه / _cمجلس التعليم العالي - وزارة التعليم العالي. |
| 250 | _aطبعة 4، محدثة. | ||
| 260 |
_aالرياض : _bوزارة التعليم العالي، _c2015. |
||
| 300 |
_a424 ص. ؛ _c24 سم. |
||
| 650 | 4 |
_aالتعليم العالي _vقوانين وتشريعات _zالسعودية. |
|
| 650 | 4 |
_aالجامعات والكليات _vقوانين وتشريعات _zالسعودية. |
|
| 999 |
_c4102 _d4102 |
||